[Event "21. Torneo San Viator 2013"]
[Site "Madrid ESP"]
[Date "2013.09.29"]
[Round "1.44"]
[White "Guillo Sanchez-Galiano, Eduardo"]
[Black "Mateos Cordero, Francisco"]
[Result "0-1"]
[WhiteElo "1309"]
[BlackElo "1601"]
[PlyCount "70"]
[EventDate "2013.09.29"]
[EventType "swiss"]
[EventRounds "9"]
[EventCountry "ESP"]
[SourceTitle "Ajedrez en Madrid"]
[Source "lmi"]
[SourceDate "2013.09.29"]
[SourceVersion "1"]
[SourceVersionDate "2013.12.25"]
[SourceQuality "1"]

1. e4 c5 2. Nc3 d6 3. Be2 Nf6 4. d3 Nc6 5. Nf3 e6 6. O-O Be7 7. d4 cxd4 8. Nxd4
Nxd4 9. Qxd4 O-O 10. Qe3 a6 11. Qg3 Kh8 12. Rd1 Qc7 13. Bg5 b5 14. a3 Bb7 15.
Bxf6 gxf6 16. Qh3 Rg8 17. Bd3 Rg7 18. Re1 Rag8 19. g3 Qc6 20. a4 b4 21. Nb5
axb5 22. axb5 Qb6 23. Ra6 Bxa6 24. bxa6 Ra8 25. Ra1 Ra7 26. Bc4 Qc5 27. Qf1 Bd8
28. Qd3 Bb6 29. Qe3 Qxe3 30. fxe3 Bxe3+ 31. Kh1 Bc5 32. Ra5 Rg5 33. h4 Re5 34.
Bd3 Kg7 35. Rb5 Rxa6 0-1

[Event "21. Torneo San Viator 2013"]
[Site "Madrid ESP"]
[Date "2013.10.06"]
[Round "2.1"]
[White "Sotoca Aguado, Jose"]
[Black "Renteria, Jorge"]
[Result "0-1"]
[WhiteElo "1961"]
[BlackElo "2323"]
[PlyCount "60"]
[EventDate "2013.09.29"]
[EventType "swiss"]
[EventRounds "9"]
[EventCountry "ESP"]
[SourceTitle "Ajedrez en Madrid"]
[Source "lmi"]
[SourceDate "2013.09.29"]
[SourceVersion "1"]
[SourceVersionDate "2013.12.25"]
[SourceQuality "1"]

1. e4 c5 2. Nf3 d6 3. Bb5+ Nc6 4. O-O Bd7 5. Re1 a6 6. Bf1 Bg4 7. c3 e5 8. h3
Bh5 9. g4 Bg6 10. d3 Be7 11. Na3 Nf6 12. Nc4 h5 13. g5 Nh7 14. h4 f6 15. Bh3 b5
16. Ne3 fxg5 17. hxg5 Nxg5 18. Nxg5 Bxg5 19. Nf5 O-O 20. Qf3 Bxc1 21. Raxc1 Ne7
22. Kh2 Nxf5 23. exf5 Bxf5 24. Qxh5 Bxh3 25. Kxh3 Rxf2 26. Rg1 Qf6 27. Rg3 Rf8
28. Rcg1 Qe6+ 29. Rg4 R8f3+ 30. R1g3 Rf6 0-1

[Event "21. Torneo San Viator 2013"]
[Site "Madrid ESP"]
[Date "2013.10.06"]
[Round "2.2"]
[White "Iturbide Arnedo, Oscar"]
[Black "Ruiz Sanchez, Roberto"]
[Result "1-0"]
[WhiteElo "2159"]
[BlackElo "1972"]
[PlyCount "81"]
[EventDate "2013.09.29"]
[EventType "swiss"]
[EventRounds "9"]
[EventCountry "ESP"]
[SourceTitle "Ajedrez en Madrid"]
[Source "lmi"]
[SourceDate "2013.09.29"]
[SourceVersion "1"]
[SourceVersionDate "2013.12.25"]
[SourceQuality "1"]

1. e4 c6 2. d4 d5 3. e5 Bf5 4. Nc3 e6 5. g4 Bg6 6. Nge2 c5 7. h4 h5 8. Nf4 Bh7
9. Nxh5 Nc6 10. dxc5 Bxc5 11. Bb5 Qc7 12. Bxc6+ Qxc6 13. Qf3 Kf8 14. O-O Bd4
15. Qg3 Bxc2 16. Ne2 Bb6 17. Bg5 Qb5 18. Nef4 Qxb2 19. a4 Bd4 20. Rae1 Be4 21.
Rxe4 dxe4 22. Nxe6+ fxe6 23. Qf4+ Nf6 24. exf6 Rxh5 25. Qd6+ Kg8 26. Qxe6+ Kh8
27. fxg7+ Kxg7 28. gxh5 Qc3 29. Qg6+ Kh8 30. Qh6+ Kg8 31. Qe6+ Kh8 32. Qh6+ Kg8
33. Be3 Be5 34. Rc1 Qa5 35. Qe6+ Kh8 36. Qh6+ Kg8 37. Qe6+ Kh8 38. Rc8+ Rxc8
39. Qxc8+ Kh7 40. Qxb7+ Kh8 41. Qa8+ 1-0

[Event "21. Torneo San Viator 2013"]
[Site "Madrid ESP"]
[Date "2013.10.06"]
[Round "2.3"]
[White "Pindado Campos, Raul"]
[Black "Perez Calahorra, Ricardo"]
[Result "0-1"]
[WhiteElo "1903"]
[BlackElo "2126"]
[PlyCount "114"]
[EventDate "2013.09.29"]
[EventType "swiss"]
[EventRounds "9"]
[EventCountry "ESP"]
[SourceTitle "Ajedrez en Madrid"]
[Source "lmi"]
[SourceDate "2013.09.29"]
[SourceVersion "1"]
[SourceVersionDate "2013.12.25"]
[SourceQuality "1"]

1. d4 d5 2. c4 dxc4 3. e4 e5 4. d5 Nf6 5. Nc3 a6 6. Nf3 Bd6 7. Bg5 h6 8. Bh4 g5
9. Bg3 Qe7 10. Bxc4 b5 11. Bd3 Nbd7 12. a3 Nc5 13. Qc2 Bg4 14. Nd2 Nh5 15. b4
Nxd3+ 16. Qxd3 Nf4 17. Qf1 O-O 18. Nb3 Bxb4 19. axb4 Qxb4 20. Bxf4 Qxc3+ 21.
Bd2 Qxb3 22. f3 Bd7 23. g4 Kg7 24. h4 f6 25. Kf2 Qc2 26. Qe2 Qc5+ 27. Kg3 Qe7
28. Rh3 Rh8 29. Rah1 Qf7 30. Qh2 Raf8 31. Bb4 Ra8 32. hxg5 fxg5 33. Bd2 Raf8
34. Qg2 Qf6 35. Rc1 Rc8 36. Qf2 Rhf8 37. Rch1 Rh8 38. Rc1 Kg6 39. Kg2 a5 40.
Bxa5 c6 41. dxc6 Rxc6 42. Rxc6 Bxc6 43. Rh1 Rf8 44. Qe2 Ra8 45. Bb4 Qe6 46. Rd1
Ra2 47. Rd2 Rxd2 48. Qxd2 Bxe4 49. Kg3 Bd5 50. Qc2+ e4 51. Bc3 Qc6 52. fxe4
Bxe4 53. Qb2 Qd6+ 54. Be5 Qd3+ 55. Kh2 Qf3 56. Bh8 Qh1+ 57. Kg3 Qh4# 0-1

[Event "21. Torneo San Viator 2013"]
[Site "Madrid ESP"]
[Date "2013.10.06"]
[Round "2.4"]
[White "Garcia Martin, Esteban"]
[Black "Madurga Lopez, Ignacio"]
[Result "1-0"]
[WhiteElo "1892"]
[BlackElo "2074"]
[PlyCount "163"]
[EventDate "2013.09.29"]
[EventType "swiss"]
[EventRounds "9"]
[EventCountry "ESP"]
[SourceTitle "Ajedrez en Madrid"]
[Source "lmi"]
[SourceDate "2013.09.29"]
[SourceVersion "1"]
[SourceVersionDate "2013.12.25"]
[SourceQuality "1"]

1. c4 g6 2. Nc3 Bg7 3. g3 d6 4. Bg2 e5 5. d3 Ne7 6. e4 O-O 7. Nge2 Be6 8. O-O
Qd7 9. f4 Bh3 10. d4 Bxg2 11. Kxg2 exd4 12. Nxd4 Nbc6 13. Be3 f5 14. Qd3 Rae8
15. Rfe1 fxe4 16. Nxe4 Nf5 17. Nxf5 Qxf5 18. Bd2 b6 19. Rab1 Nd4 20. Bc3 c5 21.
Bxd4 Bxd4 22. Qf3 Rd8 23. b3 d5 24. cxd5 Rxd5 25. Ng5 Bf6 26. Ne4 Bg7 27. Rbd1
Rfd8 28. Rxd5 Qxd5 29. Re2 h6 30. Rd2 Qa8 31. Rd6 Re8 32. Nf6+ Bxf6 33. Qxa8
Rxa8 34. Rxf6 Rd8 35. Rxg6+ Kh7 36. f5 Rd2+ 37. Kf3 Rxh2 38. Kg4 Rxa2 39. Re6
Kg7 40. Rg6+ Kh7 41. Re6 Kg7 42. Rg6+ Kf7 43. Rxh6 Rb2 44. Kg5 Rxb3 45. g4 Re3
46. Rh7+ Kf8 47. Kf6 Ke8 48. Rxa7 c4 49. Rc7 c3 50. g5 Kd8 51. Rc4 b5 52. Rc5
b4 53. g6 b3 54. g7 Rg3 55. Rxc3 Rxc3 56. g8=Q+ Kc7 57. Qg7+ Kb6 58. Qg1+ Kb5
59. Qb1 Kb4 60. Kg6 Rc2 61. f6 Rg2+ 62. Kf5 Rf2+ 63. Ke5 Ka3 64. Qd3 Ka2 65.
Qe3 Rxf6 66. Kxf6 b2 67. Qa7+ Kb3 68. Qb6+ Kc3 69. Qc5+ Kb3 70. Qb5+ Kc2 71.
Qc4+ Kd1 72. Qb3+ Kc1 73. Qc3+ Kb1 74. Ke5 Ka2 75. Qc2 Ka1 76. Qa4+ Kb1 77. Kd4
Kc1 78. Qa3 Kc2 79. Qc3+ Kb1 80. Kc4 Ka2 81. Qb3+ Ka1 82. Qa3+ 1-0

[Event "21. Torneo San Viator 2013"]
[Site "Madrid ESP"]
[Date "2013.10.06"]
[Round "2.5"]
[White "Vallejo Nuno, Jorge"]
[Black "Zhynguel Ramirez De Verger, Al"]
[Result "1/2-1/2"]
[WhiteElo "2068"]
[BlackElo "1877"]
[PlyCount "39"]
[EventDate "2013.09.29"]
[EventType "swiss"]
[EventRounds "9"]
[EventCountry "ESP"]
[SourceTitle "Ajedrez en Madrid"]
[Source "lmi"]
[SourceDate "2013.09.29"]
[SourceVersion "1"]
[SourceVersionDate "2013.12.25"]
[SourceQuality "1"]

1. e4 c5 2. Nf3 Nc6 3. Bb5 g6 4. O-O Bg7 5. Re1 Nf6 6. c3 O-O 7. e5 Nd5 8. Qb3
Nc7 9. Bf1 d5 10. d4 c4 11. Qd1 f6 12. exf6 exf6 13. a4 a6 14. b3 b5 15. axb5
axb5 16. Rxa8 Nxa8 17. bxc4 bxc4 18. Ba3 Re8 19. Rxe8+ Qxe8 20. Nbd2 1/2-1/2

[Event "21. Torneo San Viator 2013"]
[Site "Madrid ESP"]
[Date "2013.10.06"]
[Round "2.6"]
[White "Gil Sierra, Jacinto"]
[Black "Tevar Sanz, Gonzalo"]
[Result "1-0"]
[WhiteElo "2041"]
[BlackElo "1836"]
[PlyCount "53"]
[EventDate "2013.09.29"]
[EventType "swiss"]
[EventRounds "9"]
[EventCountry "ESP"]
[SourceTitle "Ajedrez en Madrid"]
[Source "lmi"]
[SourceDate "2013.09.29"]
[SourceVersion "1"]
[SourceVersionDate "2013.12.25"]
[SourceQuality "1"]

1. e4 e6 2. d4 d5 3. Nc3 Bb4 4. e5 b6 5. Qg4 Bf8 6. Nf3 Ba6 7. Nb5 Qd7 8. a4
Ne7 9. Bd3 Nf5 10. O-O c6 11. Nd6+ Nxd6 12. Bxa6 Nxa6 13. exd6 Qxd6 14. Ne5 h5
15. Qf3 f6 16. Ng6 Rh7 17. Re1 O-O-O 18. Nxf8 Nb4 19. Rxe6 Qxf8 20. Bd2 c5 21.
c3 Qg8 22. Rae1 Na6 23. Qf5 Kb8 24. Bf4+ Ka8 25. Re8 Rxe8 26. Rxe8+ Qxe8 27.
Qxd5+ 1-0

[Event "21. Torneo San Viator 2013"]
[Site "Madrid ESP"]
[Date "2013.10.06"]
[Round "2.7"]
[White "Alonso Vara, Maria"]
[Black "Gonzalez Mateos, Rafael"]
[Result "0-1"]
[WhiteElo "1842"]
[BlackElo "2006"]
[PlyCount "90"]
[EventDate "2013.09.29"]
[EventType "swiss"]
[EventRounds "9"]
[EventCountry "ESP"]
[SourceTitle "Ajedrez en Madrid"]
[Source "lmi"]
[SourceDate "2013.09.29"]
[SourceVersion "1"]
[SourceVersionDate "2013.12.25"]
[SourceQuality "1"]

1. e4 e6 2. d4 d5 3. Nc3 Bb4 4. e5 Ne7 5. a3 Bxc3+ 6. bxc3 c5 7. h4 Bd7 8. h5
h6 9. Nf3 Nbc6 10. Bd3 Qa5 11. Bd2 c4 12. Be2 O-O-O 13. O-O g6 14. Qc1 gxh5 15.
Bxh6 Rdg8 16. Bg5 Nf5 17. Qb2 Rg6 18. Rfb1 Qc7 19. Bf1 h4 20. Bf6 Rh5 21. Kh2
Rxf6 22. a4 Rg6 23. a5 a6 24. Qa3 Rh8 25. Rb6 Na7 26. Rab1 Nb5 27. Qc1 Rhg8 28.
Kh1 Bc6 29. Qb2 Kb8 30. Qb4 Ne7 31. Nd2 Nc8 32. Qc5 Nxb6 33. axb6 Qd7 34. Ra1
f6 35. exf6 Rxf6 36. Nf3 Rxf3 37. gxf3 Qd6 38. Bh3 Qxc5 39. dxc5 e5 40. Re1 Re8
41. Kh2 Nxc3 42. Rg1 d4 43. Rg7 d3 44. Bd7 Bxd7 45. Rxd7 dxc2 0-1

[Event "21. Torneo San Viator 2013"]
[Site "Madrid ESP"]
[Date "2013.10.06"]
[Round "2.9"]
[White "Sirera Ripoll, Jose"]
[Black "Garcia Galeote, Lorenzo"]
[Result "0-1"]
[WhiteElo "1726"]
[BlackElo "1987"]
[PlyCount "56"]
[EventDate "2013.09.29"]
[EventType "swiss"]
[EventRounds "9"]
[EventCountry "ESP"]
[SourceTitle "Ajedrez en Madrid"]
[Source "lmi"]
[SourceDate "2013.09.29"]
[SourceVersion "1"]
[SourceVersionDate "2013.12.25"]
[SourceQuality "1"]

1. d4 Nc6 2. Bf4 d6 3. Nf3 g6 4. e3 Bg7 5. c4 Bg4 6. h3 Bxf3 7. Qxf3 e5 8. dxe5
dxe5 9. Bh2 Qe7 10. Nc3 Nf6 11. Rd1 O-O 12. Bd3 Rad8 13. Bb1 Qb4 14. Rxd8 Rxd8
15. Qe2 Na5 16. O-O Nxc4 17. a3 Nxa3 18. Bxe5 Nxb1 19. Rxb1 Qe7 20. f4 c6 21.
Ra1 a6 22. e4 Nh5 23. Bxg7 Kxg7 24. Qf2 Qf6 25. g4 Nxf4 26. Qg3 Rd3 27. Qh2
Qd4+ 28. Kh1 Rxh3 0-1

[Event "21. Torneo San Viator 2013"]
[Site "Madrid ESP"]
[Date "2013.10.06"]
[Round "2.10"]
[White "Herreros Ruiz, Jorge Alejandro"]
[Black "Rodriguez Bittar, Karim Javier"]
[Result "1/2-1/2"]
[WhiteElo "1549"]
[BlackElo "1741"]
[PlyCount "97"]
[EventDate "2013.09.29"]
[EventType "swiss"]
[EventRounds "9"]
[EventCountry "ESP"]
[SourceTitle "Ajedrez en Madrid"]
[Source "lmi"]
[SourceDate "2013.09.29"]
[SourceVersion "1"]
[SourceVersionDate "2013.12.25"]
[SourceQuality "1"]

1. d4 d5 2. c4 e6 3. Nc3 c6 4. Nf3 Nf6 5. Bg5 Nbd7 6. e3 Bb4 7. Qc2 Qa5 8. Bxf6
Nxf6 9. Nd2 O-O 10. Bd3 dxc4 11. Bxc4 Nd5 12. Bxd5 exd5 13. O-O Bg4 14. Nb3 Qd8
15. h3 Be6 16. a3 Bd6 17. f4 Qh4 18. Qf2 Qxf2+ 19. Rxf2 Rfe8 20. Nd1 Bf5 21. g4
Be4 22. Nd2 Bc2 23. Nf1 Be4 24. Nd2 a5 25. Nxe4 Rxe4 26. Rf3 f6 27. Nc3 Re7 28.
Re1 Rae8 29. Kf2 Bb8 30. Rc1 Ba7 31. Nd1 Rc8 32. Nc3 Rec7 33. Na4 Kf7 34. b4
axb4 35. axb4 Ke7 36. Ke2 Ra8 37. Nc5 Bxc5 38. bxc5 Ra2+ 39. Kd3 Rc8 40. Rb1
Rca8 41. Rxb7+ Kf8 42. Rb3 R2a4 43. Rf1 Rc4 44. Rfb1 Kf7 45. Rb7+ Kg6 46. f5+
Kh6 47. g5+ fxg5 48. f6 Raa4 49. R1b3 1/2-1/2

[Event "21. Torneo San Viator 2013"]
[Site "Madrid ESP"]
[Date "2013.10.06"]
[Round "2.11"]
[White "Garcia Rojas, Juan Carlos"]
[Black "Soto Martin, Pablo"]
[Result "0-1"]
[WhiteElo "1545"]
[BlackElo "1740"]
[PlyCount "120"]
[EventDate "2013.09.29"]
[EventType "swiss"]
[EventRounds "9"]
[EventCountry "ESP"]
[SourceTitle "Ajedrez en Madrid"]
[Source "lmi"]
[SourceDate "2013.09.29"]
[SourceVersion "1"]
[SourceVersionDate "2013.12.25"]
[SourceQuality "1"]

1. e4 e5 2. Nf3 Nc6 3. Bc4 Bc5 4. b3 Nf6 5. Bd5 d6 6. h3 Ne7 7. Nc3 c6 8. Bc4
O-O 9. Bb2 Ng6 10. d4 exd4 11. Nxd4 Re8 12. f3 d5 13. Be2 dxe4 14. fxe4 Qxd4
15. Qxd4 Bxd4 16. O-O-O Bxc3 17. Bxc3 Nxe4 18. Be1 Be6 19. Bf3 Nf6 20. Ba5 Bd5
21. Rhf1 Nf4 22. Bc3 Bxf3 23. Rxf3 Ne2+ 24. Kb2 Nxc3 25. Kxc3 Re2 26. g4 Rae8
27. Rdd3 Nd5+ 28. Kb2 R8e3 29. Rfxe3 Rxe3 30. Rd2 g5 31. c4 Nf6 32. Rh2 Rf3 33.
Ka3 Kf8 34. Kb4 b6 35. Rh1 Rf2 36. a4 a5+ 37. Ka3 Rg2 38. Rf1 Kg7 39. Rf3 Ne4
40. Re3 Nf2 41. Rf3 Rh2 42. c5 Ne4 43. Re3 Nxc5 44. b4 axb4+ 45. Kxb4 Rb2+ 46.
Ka3 Rb3+ 47. Rxb3 Nxb3 48. Kxb3 f5 49. gxf5 h5 50. Kc3 g4 51. hxg4 hxg4 52. Kd3
Kf6 53. Ke4 g3 54. Kf3 Kxf5 55. Kxg3 Ke4 56. Kf2 Kd3 57. Ke1 Kc2 58. Ke2 c5 59.
Ke3 c4 60. Kd4 Kb3 0-1

[Event "21. Torneo San Viator 2013"]
[Site "Madrid ESP"]
[Date "2013.10.06"]
[Round "2.13"]
[White "Lopez Ziegler, Juan Jose"]
[Black "Yeves Miquel, Enrique"]
[Result "0-1"]
[WhiteElo "1523"]
[BlackElo "1713"]
[PlyCount "128"]
[EventDate "2013.09.29"]
[EventType "swiss"]
[EventRounds "9"]
[EventCountry "ESP"]
[SourceTitle "Ajedrez en Madrid"]
[Source "lmi"]
[SourceDate "2013.09.29"]
[SourceVersion "1"]
[SourceVersionDate "2013.12.25"]
[SourceQuality "1"]

1. d4 d5 2. Bf4 Nf6 3. e3 c5 4. c3 Nc6 5. Bd3 Qb6 6. Qc1 Bg4 7. h3 Bh5 8. Nd2
Rc8 9. Ngf3 cxd4 10. exd4 e6 11. Qb1 Bg6 12. Bxg6 hxg6 13. Ne5 Nxe5 14. Bxe5
Bd6 15. Nf3 Bxe5 16. Nxe5 Ke7 17. Qc1 Nd7 18. Qg5+ Ke8 19. O-O Rh5 20. Nxd7
Kxd7 21. Qf4 Ke7 22. Rfe1 Qd6 23. Qg4 Rc6 24. Re3 Kf8 25. Rae1 Qd8 26. Rf3 Rf5
27. Rxf5 gxf5 28. Qh5 Kg8 29. Re3 g6 30. Rg3 Qf6 31. Qh6 Qh8 32. Qg5 Kg7 33.
Qe7 Rb6 34. b3 Qh5 35. f3 Qh8 36. Qc7 Qf8 37. h4 Qd6 38. Qxd6 Rxd6 39. f4 b5
40. Re3 Rc6 41. Kf2 Kh6 42. Kg3 Kh5 43. Kh3 a5 44. a3 a4 45. b4 f6 46. g3 g5
47. hxg5 fxg5 48. Rd3 Rc7 49. Re3 Re7 50. Re1 Kg6 51. g4 gxf4 52. gxf5+ Kxf5
53. Re5+ Kf6 54. Kg4 Rc7 55. Kxf4 Rxc3 56. Rh5 Rxa3 57. Rh6+ Ke7 58. Rh7+ Kd6
59. Ra7 Ra1 60. Ra6+ Kd7 61. Rb6 a3 62. Ke3 a2 63. Kd2 Rd1+ 64. Kxd1 a1=Q+ 0-1

[Event "21. Torneo San Viator 2013"]
[Site "Madrid ESP"]
[Date "2013.10.06"]
[Round "2.14"]
[White "Moreno Zamora, Gregorio"]
[Black "Del Noval Nemeshazi, Nesztor"]
[Result "1/2-1/2"]
[WhiteElo "1704"]
[BlackElo "1402"]
[PlyCount "47"]
[EventDate "2013.09.29"]
[EventType "swiss"]
[EventRounds "9"]
[EventCountry "ESP"]
[SourceTitle "Ajedrez en Madrid"]
[Source "lmi"]
[SourceDate "2013.09.29"]
[SourceVersion "1"]
[SourceVersionDate "2013.12.25"]
[SourceQuality "1"]

1. e4 c5 2. Nf3 e6 3. d4 cxd4 4. Nxd4 g6 5. Be3 Bg7 6. Nc3 Ne7 7. Qd2 O-O 8.
Bh6 Nbc6 9. Bxg7 Kxg7 10. O-O-O d5 11. exd5 Nxd5 12. Nxc6 bxc6 13. h4 h6 14. h5
g5 15. Ne2 Ba6 16. g3 Bxe2 17. Bxe2 Qf6 18. Rdf1 Rab8 19. c3 Rfd8 20. Qc2 Rb6
21. Bc4 Rdb8 22. Bxd5 cxd5 23. Rh2 Rc8 24. Rd1 1/2-1/2

[Event "21. Torneo San Viator 2013"]
[Site "Madrid ESP"]
[Date "2013.10.06"]
[Round "2.16"]
[White "Dorado Reboredo, Jose Maria"]
[Black "Olias Ruiz, Enrique"]
[Result "1-0"]
[WhiteElo "1678"]
[BlackElo "1173"]
[PlyCount "101"]
[EventDate "2013.09.29"]
[EventType "swiss"]
[EventRounds "9"]
[EventCountry "ESP"]
[SourceTitle "Ajedrez en Madrid"]
[Source "lmi"]
[SourceDate "2013.09.29"]
[SourceVersion "1"]
[SourceVersionDate "2013.12.25"]
[SourceQuality "1"]

1. e4 e5 2. Nf3 d6 3. Bc4 g6 4. O-O Nf6 5. d3 Bg7 6. Bg5 Nbd7 7. c3 a6 8. d4
Qe7 9. Re1 b5 10. Bb3 Bb7 11. a4 h6 12. Bxf6 Nxf6 13. Qd3 c6 14. Nbd2 O-O 15.
c4 b4 16. d5 c5 17. Nf1 Nh5 18. Ne3 Bc8 19. Bd1 Nf4 20. Qd2 a5 21. g3 Nh3+ 22.
Kg2 Qf6 23. Nh4 Qg5 24. Nf3 Qf6 25. Nh4 Bd7 26. Bg4 Qxf2+ 27. Qxf2 Nxf2 28.
Kxf2 Bxa4 29. Rxa4 h5 30. Bd7 Ra7 31. Bc6 Rd8 32. Rea1 g5 33. Nhf5 Ra6 34. Rxa5
Rxa5 35. Rxa5 Kh7 36. Nxg7 Kxg7 37. Nf5+ Kf6 38. Bb5 h4 39. gxh4 gxh4 40. Ra6
Kg5 41. Rxd6 Rh8 42. Rc6 Kf4 43. Rxc5 Kxe4 44. Ne3 Rh6 45. Rc6 f6 46. d6 Rh8
47. d7 f5 48. Rc8 Rxc8 49. dxc8=Q f4 50. Qc6+ Kd4 51. Qd5# 1-0

[Event "21. Torneo San Viator 2013"]
[Site "Madrid ESP"]
[Date "2013.10.06"]
[Round "2.18"]
[White "Sancho Castiello, Federico"]
[Black "Benitez Cadenas, Luis Miguel"]
[Result "0-1"]
[WhiteElo "2140"]
[BlackElo "1702"]
[PlyCount "53"]
[EventDate "2013.09.29"]
[EventType "swiss"]
[EventRounds "9"]
[EventCountry "ESP"]
[SourceTitle "Ajedrez en Madrid"]
[Source "lmi"]
[SourceDate "2013.09.29"]
[SourceVersion "1"]
[SourceVersionDate "2013.12.25"]
[SourceQuality "1"]

1. e4 e6 2. d4 d5 3. Nd2 dxe4 4. Nxe4 Bd7 5. Nf3 Bc6 6. Bd3 Nd7 7. O-O Ngf6 8.
Re1 Nxe4 9. Bxe4 Bxe4 10. Rxe4 Nf6 11. Bg5 Qd5 12. Re5 Qd6 13. Qd3 O-O-O 14. c3
h6 15. Bd2 g5 16. Ra5 Qb6 17. c4 g4 18. Rb5 Qd6 19. Nh4 Bg7 20. Be3 a6 21. Rb3
c5 22. Rd1 cxd4 23. Bxd4 Qf4 24. g3 Qc7 25. Qe2 Rd6 26. Rbd3 Rhd8 27. Be5 0-1

[Event "21. Torneo San Viator 2013"]
[Site "Madrid ESP"]
[Date "2013.10.06"]
[Round "2.19"]
[White "De Castro Vidal, Jose Ignacio"]
[Black "Bustos Bernardo, Samuel"]
[Result "0-1"]
[WhiteElo "2050"]
[BlackElo "1686"]
[PlyCount "32"]
[EventDate "2013.09.29"]
[EventType "swiss"]
[EventRounds "9"]
[EventCountry "ESP"]
[SourceTitle "Ajedrez en Madrid"]
[Source "lmi"]
[SourceDate "2013.09.29"]
[SourceVersion "1"]
[SourceVersionDate "2013.12.25"]
[SourceQuality "1"]

1. e4 c6 2. Nc3 d5 3. Nf3 Bg4 4. h3 Bh5 5. exd5 cxd5 6. Bb5+ Nc6 7. g4 Bg6 8.
Ne5 Qd6 9. d4 a6 10. Bxc6+ bxc6 11. Nxg6 hxg6 12. Qd3 Nf6 13. g5 Nd7 14. O-O e5
15. dxe5 Nxe5 16. Re1 Qe6 0-1

[Event "21. Torneo San Viator 2013"]
[Site "Madrid ESP"]
[Date "2013.10.06"]
[Round "2.20"]
[White "Gil Calvente, Jose Antonio"]
[Black "Magan Gonzalez, Alberto"]
[Result "1-0"]
[WhiteElo "1661"]
[BlackElo "1891"]
[PlyCount "124"]
[EventDate "2013.09.29"]
[EventType "swiss"]
[EventRounds "9"]
[EventCountry "ESP"]
[SourceTitle "Ajedrez en Madrid"]
[Source "lmi"]
[SourceDate "2013.09.29"]
[SourceVersion "1"]
[SourceVersionDate "2013.12.25"]
[SourceQuality "1"]

1. d4 Nf6 2. Nf3 e6 3. c4 c5 4. d5 exd5 5. cxd5 d6 6. Nc3 g6 7. e4 Bg7 8. Be2
O-O 9. O-O Re8 10. Nd2 a6 11. a4 Nbd7 12. Qc2 Ne5 13. f4 Neg4 14. Nc4 Nh5 15.
Bxg4 Bxg4 16. h3 Bd4+ 17. Be3 Bxe3+ 18. Nxe3 Bd7 19. Nc4 Qc7 20. e5 dxe5 21.
fxe5 Ng3 22. Rf3 Nf5 23. Qf2 b5 24. d6 Qd8 25. Ne3 Nxe3 26. Rxe3 Bc6 27. Rf1
Qd7 28. axb5 axb5 29. Ne4 Bxe4 30. Rxe4 c4 31. h4 f5 32. Re2 Re6 33. Qc5 Qa7
34. Qxa7 Rxa7 35. Rd1 Rd7 36. Rd5 b4 37. Kf2 c3 38. bxc3 bxc3 39. Rc5 h6 40.
Rxc3 Kf7 41. Kf3 g5 42. hxg5 hxg5 43. g3 Rb7 44. Rc5 Rb3+ 45. Re3 Rb7 46. Rec3
g4+ 47. Kf4 Kg6 48. Rc7 Rb4+ 49. R3c4 Rb3 50. Rc3 Rb4+ 51. R7c4 Rb8 52. d7 Rd8
53. Rd4 Re7 54. Rc6+ Kf7 55. Rd3 Kg7 56. Kxf5 Rf8+ 57. Rf6 Rd8 58. e6 Kh7 59.
Rd4 Rg7 60. Rf7 Kg8 61. Rxg7+ Kf8 62. e7+ Kxg7 1-0

[Event "21. Torneo San Viator 2013"]
[Site "Madrid ESP"]
[Date "2013.10.06"]
[Round "2.21"]
[White "Lobato Rivero, Carlos"]
[Black "Manso Santamaria, Juan Carlos"]
[Result "1-0"]
[WhiteElo "2007"]
[BlackElo "1659"]
[PlyCount "37"]
[EventDate "2013.09.29"]
[EventType "swiss"]
[EventRounds "9"]
[EventCountry "ESP"]
[SourceTitle "Ajedrez en Madrid"]
[Source "lmi"]
[SourceDate "2013.09.29"]
[SourceVersion "1"]
[SourceVersionDate "2013.12.25"]
[SourceQuality "1"]

1. e4 e6 2. d4 d5 3. e5 c5 4. c3 Nc6 5. Nf3 Bd7 6. Bd3 Qb6 7. Bc2 cxd4 8. cxd4
Bb4+ 9. Nc3 Rc8 10. O-O Na5 11. Bd2 Ne7 12. a3 Bxc3 13. Bxc3 O-O 14. h4 Nc4 15.
Bb4 Rfe8 16. Bxh7+ Kf8 17. Ng5 f6 18. Qh5 fxg5 19. Qf3# 1-0

[Event "21. Torneo San Viator 2013"]
[Site "Madrid ESP"]
[Date "2013.10.06"]
[Round "2.22"]
[White "Rosa Ramirez, Victor D"]
[Black "Castro Uceda, Jose Antonio"]
[Result "1-0"]
[WhiteElo "1991"]
[BlackElo "1625"]
[PlyCount "86"]
[EventDate "2013.09.29"]
[EventType "swiss"]
[EventRounds "9"]
[EventCountry "ESP"]
[SourceTitle "Ajedrez en Madrid"]
[Source "lmi"]
[SourceDate "2013.09.29"]
[SourceVersion "1"]
[SourceVersionDate "2013.12.25"]
[SourceQuality "1"]

1. e4 c5 2. c3 e6 3. d4 cxd4 4. cxd4 Nc6 5. Nf3 Bb4+ 6. Nc3 Nf6 7. Bd3 Qa5 8.
Bd2 Qb6 9. a3 Be7 10. Na4 Qc7 11. O-O O-O 12. Rc1 Qb8 13. Bb1 b5 14. Nc3 b4 15.
axb4 Nxb4 16. e5 Ne8 17. Ng5 Bxg5 18. Bxg5 f6 19. Qh5 f5 20. Rfe1 Nc6 21. g4 g6
22. Qh3 Nxd4 23. gxf5 exf5 24. Ba2+ Ne6 25. Qh6 Qb4 26. Re3 Qg4+ 27. Rg3 Qd4
28. Nd5 Qxe5 29. Ne7+ Kf7 30. Nxc8 Qxb2 31. Qxh7+ Qg7 32. Qxg7+ Kxg7 33. Bd2 f4
34. Rd3 Rf7 35. Bc3+ Kh6 36. Be5 Rf5 37. Bb2 Rb8 38. Ba3 a5 39. Rxd7 Ng5 40. h4
Nf3+ 41. Kg2 Nxh4+ 42. Kh3 Nf3 43. Rh1 Rh5+ 1-0

[Event "21. Torneo San Viator 2013"]
[Site "Madrid ESP"]
[Date "2013.10.06"]
[Round "2.23"]
[White "Perez Sempere, Alberto"]
[Black "Rendo Quindos, Pedro"]
[Result "0-1"]
[WhiteElo "1875"]
[BlackElo "1607"]
[PlyCount "94"]
[EventDate "2013.09.29"]
[EventType "swiss"]
[EventRounds "9"]
[EventCountry "ESP"]
[SourceTitle "Ajedrez en Madrid"]
[Source "lmi"]
[SourceDate "2013.09.29"]
[SourceVersion "1"]
[SourceVersionDate "2013.12.25"]
[SourceQuality "1"]

1. e4 e5 2. Nf3 Nf6 3. Nxe5 Nxe4 4. Qe2 d6 5. Nxf7 Kxf7 6. Qxe4 Be7 7. Bc4+ Kf8
8. Qd5 Qe8 9. O-O c6 10. Qf3+ Bf6 11. d4 d5 12. Bb3 Qf7 13. Be3 Be6 14. Nd2 Nd7
15. Rae1 h5 16. c3 Bg4 17. Qg3 Nb6 18. Bf4 g6 19. Bc2 Kg7 20. h3 Bd7 21. b3
Rag8 22. Nf3 h4 23. Qh2 Rh5 24. Ne5 Bxe5 25. Bxe5+ Kh7 26. Re3 Kh6 27. Rf3 Qe8
28. Re1 Kh7 29. Ree3 Bf5 30. Bxf5 gxf5 31. Bf4 Qf7 32. Re5 Nd7 33. Re2 Re8 34.
Rfe3 Rxe3 35. Rxe3 Nf6 36. f3 Kg6 37. g4 fxg4 38. fxg4 Rh7 39. Re5 Ne4 40. Rf5
Qe7 41. Qc2 Rf7 42. Rg5+ Kh7 43. Re5 Qd8 44. Bg5 Qf8 45. Bxh4 Rf1+ 46. Kh2 Qf4+
47. Bg3 Qxg3# 0-1